Nauczyciele Hogwartu - Statystyki

Ogólne statystyki
  • Ten quiz został rozwiązany 42 razy
  • Średni wynik to 10 z 14
Statystyki odpowiedzi
Hint Odpowiedź % Poprawnych
Eliksiry LATA 1-5 Severus Snape
100%
Transmutacja LATA 1-7 Minerwa McGonagall
82%
OPCM ROK 3 Remus Lupin
82%
OPCM ROK 6 Severus Snape
82%
OPCM ROK 4 Alastor Moody
79%
OPCM ROK 1 Kwiryniusz Quirrell
79%
OPCM ROK 5 Dolores Umbridge
73%
OPCM ROK 2 Gilderoy Lockhart
73%
Eliksiry LATA 6-7 Horacy Slughorn
70%
Zaklęcia i Uroki LATA 1-7 Filius Flitwick
64%
Zielarstwo LATA 1-7 Pomona Sprout
64%
OPCM ROK 7 Amycus Carrow
45%
Historia Magii LATA 1-7 Cuthbert Binns
45%
Astronomia LATA 1-7 Aurora Sinistra
30%
Nie znaleziono quizów pasujących do podanych kryteriów
Rozkład punktacji
Procent ludzi z każdym wynikiem
Percentyl według liczby udzielonych odpowiedzi
Twoja historia wyników
Nie rozwiązałeś tego quizu